Hydraulics and Pneumatics : A Technicians and Engineer's Guide (Record no. 51915)

MARC details
000 -LEADER
fixed length control field 00435nam a2200157Ia 4500
008 - FIXED-LENGTH DATA ELEMENTS--GENERAL INFORMATION
fixed length control field 220530s9999 xx 000 0 und d
020 ## - INTERNATIONAL STANDARD BOOK NUMBER
International Standard Book Number 9788172241896
041 ## - LANGUAGE CODE
Language code of text/sound track or separate title eng
082 ## - DEWEY DECIMAL CLASSIFICATION NUMBER
Classification number 532.2
Item number PAR
100 ## - MAIN ENTRY--PERSONAL NAME
Personal name Parr, Andrew
9 (RLIN) 57524
245 ## - TITLE STATEMENT
Title Hydraulics and Pneumatics : A Technicians and Engineer's Guide
250 ## - EDITION STATEMENT
Edition statement 1st
260 ## - PUBLICATION, DISTRIBUTION, ETC. (IMPRINT)
Place of publication, distribution, etc. Ahmedabad
Name of publisher, distributor, etc. Jaico Publishing House
Date of publication, distribution, etc. 2005
300 ## - PHYSICAL DESCRIPTION
Extent VIII;223P.
Other physical details PB
906 ## - LOCAL DATA ELEMENT F, LDF (RLIN)
a 81.25
b MECH
Holdings
Withdrawn status Lost status Damaged status Not for loan Collection code Home library Current library Date acquired Vendor Cost, normal purchase price Total Checkouts Total Renewals Full call number Barcode Date last seen Date last checked out Cost, replacement price Bill Date Koha item type Original Barcode
        Mechanical Engineering Cummins College of Engineering for Women Nagpur Cummins College of Engineering for Women Nagpur 20/02/2014 Pushpak Book Depot 325.00 2 1 532.2/PAR CEWN-BK-5466 03/11/2025 06/10/2025 243.75 30/05/2022 Books 005466
        Mechanical Engineering Cummins College of Engineering for Women Nagpur Cummins College of Engineering for Women Nagpur 20/02/2014 Pushpak Book Depot 325.00 4   532.2/PAR CEWN-BK-5467 18/08/2025 30/07/2025 243.75 30/05/2022 Books 005467
        Mechanical Engineering Cummins College of Engineering for Women Nagpur Cummins College of Engineering for Women Nagpur 20/02/2014 Pushpak Book Depot 325.00     532.2/PAR CEWN-BK-5465 30/05/2022   243.75 30/05/2022 Books 005465